[Event "Montreal op U2000"]
[Site "Montreal CAN"]
[Date "2012.09.07"]
[Round "1"]
[White "Morin, Louis"]
[Black "Bedard, Michel"]
[Result "1-0"]
[WhiteElo "1834"]
[BlackElo "1582"]
[PlyCount "53"]
[GameId "2160767909445316"]
[EventDate "2012.09.07"]
[EventType "swiss"]
[EventRounds "5"]
[EventCountry "CAN"]
[SourceTitle "hb 2012"]

1. e4 e5 2. Nf3 Nf6 3. Nxe5 d6 4. Nxf7 Kxf7 5. Bc4+ d5 6. Bb3 c6 7. e5 Qe7 8. d4 Bf5 9. O-O Ng4 10. Qf3 Qe6 11. Nc3 Ke8 12. Nxd5 cxd5 13. Bxd5 Qg6 14. Bxb7 Bxc2 15. Bxa8 Be7 16. h3 h5 17. Bd2 Rf8 18. Qc3 Kd7 19. hxg4 hxg4 20. Rac1 Rh8 21. Qxc2 Qh5 22. Bc6+ Ke6 23. Qc4+ Kf5 24. Qd3+ Ke6 25. Qb3+ Kf5 26. Be4+ Kxe4 27. f3+ 1-0

[Event "Montreal op U2000"]
[Site "Montreal CAN"]
[Date "2012.09.07"]
[Round "1"]
[White "Yao, Houji"]
[Black "Sharpe, Michael"]
[Result "1-0"]
[WhiteElo "1872"]
[BlackElo "1604"]
[PlyCount "59"]
[GameId "2160767909445317"]
[EventDate "2012.09.07"]
[EventType "swiss"]
[EventRounds "5"]
[EventCountry "CAN"]

1. e4 c5 2. Nf3 d6 3. d4 cxd4 4. Nxd4 Nf6 5. Nc3 a6 6. Bc4 e6 7. Bb3 Be7 8. O-O O-O 9. Be3 Qc7 10. a4 b6 11. f3 Rd8 12. Qe1 Nc6 13. Qf2 Nxd4 14. Bxd4 Rb8 15. Rad1 Ne8 16. f4 Bf6 17. Be3 Be7 18. g4 Nf6 19. h3 Rf8 20. g5 Ne8 21. f5 d5 22. f6 Bc5 23. exd5 Bxe3 24. Qxe3 exd5 25. Nxd5 Qc5 26. Qxc5 bxc5 27. h4 Bh3 28. Rf3 Bc8 29. Ne7+ Kh8 30. Rd8 1-0

[Event "Montreal op U2000"]
[Site "Montreal CAN"]
[Date "2012.09.08"]
[Round "2"]
[White "Abou Nassif, Ahmad"]
[Black "Trottier, Luc"]
[Result "1-0"]
[WhiteElo "1879"]
[BlackElo "1421"]
[PlyCount "49"]
[GameId "2160767909445318"]
[EventDate "2012.09.07"]
[EventType "swiss"]
[EventRounds "5"]
[EventCountry "CAN"]

1. Nf3 f5 2. e4 fxe4 3. Ng5 Nf6 4. Nc3 g6 5. Ngxe4 Bg7 6. d4 d5 7. Ng5 O-O 8. Be2 Ne4 9. Ncxe4 dxe4 10. Bc4+ Kh8 11. Nf7+ Rxf7 12. Bxf7 Bd7 13. O-O e6 14. d5 Qe7 15. dxe6 Bxe6 16. Bxe6 Qxe6 17. Qd8+ Qg8 18. Qxc7 Nc6 19. Qxb7 Ne5 20. Qxe4 Re8 21. Qh4 Nc4 22. c3 Qd5 23. Bh6 Ne5 24. Bxg7+ Kxg7 25. Rad1 1-0

[Event "Montreal op U2000"]
[Site "Montreal CAN"]
[Date "2012.09.08"]
[Round "2"]
[White "Campbell, Martin-Alexandre"]
[Black "Yao, Houji"]
[Result "1/2-1/2"]
[WhiteElo "1760"]
[BlackElo "1872"]
[PlyCount "113"]
[GameId "2160767909445319"]
[EventDate "2012.09.07"]
[EventType "swiss"]
[EventRounds "5"]
[EventCountry "CAN"]

1. e4 c5 2. Nf3 e6 3. d4 cxd4 4. Nxd4 a6 5. a3 Nf6 6. Nc3 Qc7 7. Be3 b5 8. Bd3 Bb7 9. O-O Be7 10. f3 O-O 11. Kh1 d5 12. exd5 Nxd5 13. Nxd5 Bxd5 14. Ne2 Nd7 15. Nc3 Bb7 16. Be4 Bxe4 17. Nxe4 Rfd8 18. Qe2 Qe5 19. c3 Nc5 20. Bd4 Qc7 21. Bxc5 Bxc5 22. Nxc5 Qxc5 23. Rad1 g6 24. h3 Kf8 25. Rd2 Ke7 26. Rfd1 Qb6 27. Qe4 h5 28. Qh4+ Ke8 29. Rxd8+ Rxd8 30. Qxd8+ Qxd8 31. Rxd8+ Kxd8 32. Kg1 Kd7 33. Kf2 Kd6 34. Ke3 Ke5 35. b3 Kd5 36. g3 f6 37. Kd3 g5 38. Ke3 a5 39. Kd3 f5 40. c4+ bxc4+ 41. bxc4+ Kc5 42. f4 g4 43. h4 a4 44. Kc3 e5 45. fxe5 f4 46. Kd3 fxg3 47. Ke2 Kc6 48. Kf1 Kc5 49. Kg2 Kc6 50. Kxg3 Kc5 51. Kf4 Kc6 52. Ke3 Kc5 53. Ke4 Kc6 54. Kd4 Kc7 55. c5 Kc6 56. e6 Kc7 57. Ke4 1/2-1/2

[Event "Montreal op U2000"]
[Site "Montreal CAN"]
[Date "2012.09.08"]
[Round "2"]
[White "Leung, Chin"]
[Black "Morin, Louis"]
[Result "0-1"]
[WhiteElo "1731"]
[BlackElo "1834"]
[PlyCount "78"]
[GameId "2160767909445320"]
[EventDate "2012.09.07"]
[EventType "swiss"]
[EventRounds "5"]
[EventCountry "CAN"]
[SourceTitle "hb 2012"]

1. e4 d5 2. exd5 Nf6 3. c4 c6 4. d4 cxd5 5. Nf3 Nc6 6. Be2 e6 7. O-O Be7 8. Nc3 O-O 9. Bf4 dxc4 10. Bxc4 a6 11. Qd2 b5 12. Bb3 Bb7 13. Rad1 Na5 14. Bc2 Nc4 15. Qc1 Rc8 16. Ne5 b4 17. Bh6 bxc3 18. Bxg7 Nd2 19. bxc3 Kxg7 20. Qxd2 Ne4 21. Qe2 f5 22. Rd3 Rxc3 23. Rxc3 Nxc3 24. Qh5 Qxd4 25. Nf3 Qg4 26. Qxg4+ fxg4 27. Nd4 Bd5 28. Bb3 Bxb3 29. axb3 Kf6 30. Rc1 Rd8 31. Rxc3 Rxd4 32. Kf1 Bb4 33. Rg3 Kf5 34. h3 h5 35. hxg4+ hxg4 36. f3 gxf3 37. Rxf3+ Rf4 38. Ke2 Rxf3 39. Kxf3 Bd6 0-1

[Event "Montreal op U2000"]
[Site "Montreal CAN"]
[Date "2012.09.08"]
[Round "2"]
[White "Turcotte, Jonathan"]
[Black "Baran, Marius"]
[Result "1-0"]
[WhiteElo "1911"]
[BlackElo "1769"]
[PlyCount "61"]
[GameId "2160767909445321"]
[EventDate "2012.09.07"]
[EventType "swiss"]
[EventRounds "5"]
[EventCountry "CAN"]

1. d4 d5 2. c4 e6 3. Nc3 Nf6 4. Bg5 Be7 5. e3 O-O 6. Nf3 h6 7. Bh4 Ne4 8. Bxe7 Qxe7 9. Rc1 Rd8 10. Bd3 Nxc3 11. Rxc3 dxc4 12. Rxc4 Nc6 13. O-O e5 14. Qc2 Be6 15. Rxc6 bxc6 16. Nxe5 Rd6 17. Nxc6 Qg5 18. Ne5 Rc8 19. b4 c6 20. Rc1 f6 21. f4 Qh5 22. Bg6 Qh4 23. Bh7+ Kh8 24. Ng6+ Kxh7 25. Nxh4+ Kg8 26. Nf5 Rd7 27. Qe4 Bd5 28. Ne7+ Kf7 29. Nxd5 Re8 30. Qxe8+ Kxe8 31. Nc3 1-0

[Event "Montreal op U2000"]
[Site "Montreal CAN"]
[Date "2012.09.08"]
[Round "3"]
[White "Morin, Louis"]
[Black "Amesse, Louis-Philippe"]
[Result "1/2-1/2"]
[WhiteElo "1834"]
[BlackElo "1565"]
[PlyCount "84"]
[GameId "2160767909445322"]
[EventDate "2012.09.07"]
[EventType "swiss"]
[EventRounds "5"]
[EventCountry "CAN"]
[SourceTitle "hb 2012"]

1. e4 d6 2. d4 g6 3. Be3 Bg7 4. Qd2 Nf6 5. f3 O-O 6. Bh6 c5 7. Ne2 Qb6 8. Bxg7 Kxg7 9. c3 Nc6 10. Na3 Bd7 11. Nc4 Qc7 12. Ne3 b5 13. Nf4 cxd4 14. cxd4 Qa5 15. Qxa5 Nxa5 16. Be2 Rab8 17. Kd2 g5 18. Nfd5 e6 19. Nxf6 Kxf6 20. Rac1 Nc4+ 21. Bxc4 bxc4 22. Kc3 Bb5 23. h4 h6 24. Ng4+ Kg6 25. hxg5 Kxg5 26. Nf2 d5 27. e5 h5 28. g3 Rg8 29. Rh3 Rh8 30. Rch1 a5 31. f4+ Kg6 32. g4 a4 33. Rxh5 Rxh5 34. Rxh5 a3 35. bxa3 Ra8 36. Kb4 Rb8 37. Nd1 Bd7+ 38. Kc3 Rb1 39. Rh1 Rb8 40. Ne3 Ba4 41. f5+ Kg5 42. Rh7 Kf4 1/2-1/2

[Event "Montreal op U2000"]
[Site "Montreal CAN"]
[Date "2012.09.08"]
[Round "3"]
[White "Nikulich, Oleksandr"]
[Black "Turcotte, Jonathan"]
[Result "1/2-1/2"]
[WhiteElo "1791"]
[BlackElo "1911"]
[PlyCount "88"]
[GameId "2160767909445323"]
[EventDate "2012.09.07"]
[EventType "swiss"]
[EventRounds "5"]
[EventCountry "CAN"]
[SourceTitle "hb 2012"]

1. Nf3 Nf6 2. c4 c6 3. b3 d5 4. Bb2 Bf5 5. g3 h6 6. Bg2 e6 7. O-O Be7 8. d4 O-O 9. Nbd2 Nbd7 10. Re1 a5 11. a3 Re8 12. Rc1 Bd6 13. Ne5 Qc7 14. cxd5 exd5 15. Ndf3 Qd8 16. Nd3 Qe7 17. a4 Ne4 18. Nd2 Nxd2 19. Qxd2 Nf6 20. Nc5 Ne4 21. Nxe4 Bxe4 22. f3 Bg6 23. e4 dxe4 24. fxe4 Ba3 25. Bxa3 Qxa3 26. Qc3 Ra6 27. d5 Rb6 28. Qxa5 Qxb3 29. d6 Qb4 30. d7 Rd8 31. Qe5 Qf8 32. Qc7 Rb4 33. Rb1 Rxa4 34. Rxb7 Rd4 35. e5 c5 36. Bh3 Be4 37. Rb6 Bd5 38. Rd6 Be6 39. Bxe6 fxe6 40. Qxc5 Rxd6 41. exd6 Qf7 42. Qc4 e5 43. Qd3 Qe6 44. Qc3 Qxd6 1/2-1/2

[Event "Montreal op U2000"]
[Site "Montreal CAN"]
[Date "2012.09.08"]
[Round "3"]
[White "Wang, Kelly"]
[Black "Yao, Houji"]
[Result "0-1"]
[WhiteElo "1872"]
[BlackElo "1625"]
[PlyCount "82"]
[GameId "2160767909445324"]
[EventDate "2012.09.07"]
[EventType "swiss"]
[EventRounds "5"]
[EventCountry "CAN"]
[SourceTitle "hb 2012"]

1. e4 c5 2. Nf3 e6 3. d4 cxd4 4. Nxd4 a6 5. a4 Nf6 6. Nc3 Qc7 7. Bd3 Be7 8. Bd2 d6 9. Nb3 b6 10. Qe2 Nbd7 11. f3 Bb7 12. O-O-O Ne5 13. f4 Nxd3+ 14. Qxd3 Rc8 15. Rhe1 Qc4 16. Qxc4 Rxc4 17. e5 dxe5 18. fxe5 Ng4 19. Rf1 Nxh2 20. Rf4 Rxf4 21. Bxf4 Ng4 22. g3 g5 23. Bd2 Nxe5 24. Be3 Nc4 25. Bf2 Bf6 26. Bd4 Be5 27. Bxe5 Nxe5 28. Nd2 Ke7 29. Nde4 f6 30. b3 h5 31. Rf1 h4 32. gxh4 gxh4 33. Rxf6 h3 34. Rf1 h2 35. Rh1 Ng4 36. Kd2 Nf6 37. Ke3 Nxe4 38. Nxe4 Rh4 39. Nf2 Bxh1 40. Nxh1 Rg4 41. Kf2 Rg1 0-1

[Event "Montreal op U2000"]
[Site "Montreal CAN"]
[Date "2012.09.09"]
[Round "4"]
[White "Turcotte, Jonathan"]
[Black "Morin, Louis"]
[Result "0-1"]
[WhiteElo "1911"]
[BlackElo "1834"]
[PlyCount "78"]
[GameId "2160767909445325"]
[EventDate "2012.09.07"]
[EventType "swiss"]
[EventRounds "5"]
[EventCountry "CAN"]
[SourceTitle "hb 2012"]

1. d4 e5 2. dxe5 Nc6 3. Nf3 Qe7 4. Bg5 Qb4+ 5. Nc3 Qxb2 6. Bd2 Bb4 7. Rb1 Qa3 8. Nd5 Ba5 9. Bxa5 Qxa5+ 10. Qd2 Qxd2+ 11. Kxd2 Kd8 12. e4 f6 13. exf6 Nxf6 14. Nxf6 gxf6 15. Bd3 d6 16. c3 b6 17. Nd4 Bd7 18. Bb5 Na5 19. f4 c6 20. Be2 Kc7 21. g4 Rhg8 22. Rhg1 h6 23. h4 Rae8 24. Bf3 Nc4+ 25. Kd3 b5 26. Rg2 d5 27. exd5 Re3+ 28. Kc2 Na3+ 29. Kd2 Rxf3 30. Nxf3 Nxb1+ 31. Kc2 Rxg4 32. Rxg4 Bxg4 33. Nd4 Na3+ 34. Kb3 Nc4 35. dxc6 a6 36. Kb4 Kb6 37. a4 a5+ 38. Kb3 Nd2+ 39. Kc2 Nf3 0-1

[Event "Montreal op U2000"]
[Site "Montreal CAN"]
[Date "2012.09.09"]
[Round "5"]
[White "Morin, Louis"]
[Black "Sprumont, Oscar"]
[Result "1/2-1/2"]
[WhiteElo "1834"]
[BlackElo "1892"]
[PlyCount "102"]
[GameId "2160767909445326"]
[EventDate "2012.09.07"]
[EventType "swiss"]
[EventRounds "5"]
[EventCountry "CAN"]
[SourceTitle "hb 2012"]

1. e4 c6 2. d4 d5 3. Nc3 dxe4 4. Nxe4 Bf5 5. Ng3 Bg6 6. Nf3 Nd7 7. Be2 Ngf6 8. O-O e6 9. Re1 Be7 10. Bf1 O-O 11. Nh4 Qc7 12. Nxg6 hxg6 13. Bd3 Rad8 14. c4 Bb4 15. Re2 c5 16. a3 Ba5 17. b4 cxb4 18. axb4 Bxb4 19. Rxa7 Ra8 20. Rxa8 Rxa8 21. Bb2 Qa5 22. Qb3 Nb6 23. h3 Qa4 24. Qxa4 Nxa4 25. Bc1 Bc3 26. Be3 Rd8 27. Bc2 Nb6 28. d5 Nxc4 29. dxe6 fxe6 30. Bxg6 b5 31. Bg5 Rd1+ 32. Kh2 e5 33. Bxf6 gxf6 34. Ne4 Bd4 35. Nxf6+ Kg7 36. Bc2 Rd2 37. Rxd2 Nxd2 38. Ne4 Nxe4 39. Bxe4 Bxf2 40. g3 Kf6 41. Kg2 Be1 42. Kf3 Kg5 43. h4+ Kh5 44. Bc6 b4 45. Be8+ Kh6 46. Bf7 Kg7 47. Bd5 Kh6 48. Kg4 Bf2 49. h5 Be1 50. Bf7 Bf2 51. Kf3 Bxg3 1/2-1/2

[Event "National Capital op"]
[Site "Ottawa CAN"]
[Date "2012.10.19"]
[Round "1"]
[White "Donev, Danail"]
[Black "Qin, Zi Yi (Joey)"]
[Result "0-1"]
[WhiteElo "2063"]
[BlackElo "2453"]
[PlyCount "46"]
[GameId "2160767909411727"]
[EventDate "2012.10.19"]
[EventType "swiss"]
[EventRounds "5"]
[EventCountry "CAN"]

1. e4 c5 2. Nc3 Nc6 3. g3 g6 4. Bg2 Bg7 5. d3 d6 6. f4 Nf6 7. Nf3 Bg4 8. h3 Bxf3 9. Qxf3 Nd7 10. O-O O-O 11. Kh1 Rb8 12. Nd5 b5 13. Qd1 c4 14. Ne3 cxd3 15. cxd3 Qb6 16. Nc2 Rfc8 17. Be3 Qc7 18. Rb1 b4 19. d4 b3 20. axb3 Rxb3 21. d5 Na5 22. Nd4 Rxe3 23. Qd2 Nc4 0-1

[Event "National Capital op"]
[Site "Ottawa CAN"]
[Date "2012.10.19"]
[Round "1"]
[White "Gelblum, Robert"]
[Black "Smilovici, Emil"]
[Result "1-0"]
[WhiteElo "2233"]
[BlackElo "1937"]
[PlyCount "81"]
[GameId "2160767909411728"]
[EventDate "2012.10.19"]
[EventType "swiss"]
[EventRounds "5"]
[EventCountry "CAN"]
[SourceTitle "EXT 2022"]
[Source "ChessBase"]
[SourceDate "2021.10.06"]
[SourceVersion "1"]
[SourceVersionDate "2021.10.06"]
[SourceQuality "1"]

1. Nf3 d5 2. g3 Nf6 3. Bg2 e6 4. O-O c5 5. d3 Nc6 6. Nbd2 Bd6 7. e4 O-O 8. Re1 dxe4 9. dxe4 e5 10. c3 h6 11. Nc4 Bc7 12. Qc2 b5 13. Ne3 Bb7 14. Rd1 Qe7 15. Nd5 Nxd5 16. exd5 Na5 17. Nh4 Rad8 18. Nf5 Qf6 19. Be3 Bc8 20. Be4 Bb6 21. b3 c4 22. Bxb6 axb6 23. Ne3 Ba6 24. b4 Nb7 25. a4 Nd6 26. a5 bxa5 27. Rxa5 Ra8 28. Rda1 Bb7 29. Bg2 Rxa5 30. bxa5 Ra8 31. Qb2 Qd8 32. Qb4 Ra6 33. Nc2 Nf5 34. Qxb5 Nd6 35. Qa4 Ba8 36. Nb4 Ra7 37. Nc6 Bxc6 38. dxc6 Qc7 39. a6 Qb6 40. Qb4 Rxa6 41. Rxa6 1-0

[Event "National Capital op"]
[Site "Ottawa CAN"]
[Date "2012.10.19"]
[Round "1"]
[White "Kalra, Agastya"]
[Black "Pacey, Kevin"]
[Result "0-1"]
[WhiteElo "1987"]
[BlackElo "2235"]
[PlyCount "56"]
[GameId "2160767909411729"]
[EventDate "2012.10.19"]
[EventType "swiss"]
[EventRounds "5"]
[EventCountry "CAN"]
[SourceTitle "EXT 2022"]
[Source "ChessBase"]
[SourceDate "2021.10.06"]
[SourceVersion "1"]
[SourceVersionDate "2021.10.06"]
[SourceQuality "1"]

1. e4 c5 2. Nf3 d6 3. d4 cxd4 4. Nxd4 Nf6 5. Nc3 g6 6. Be3 Bg7 7. Be2 O-O 8. Qd2 Nc6 9. O-O-O Ng4 10. Bxg4 Bxg4 11. f3 Be6 12. Nd5 Rc8 13. h4 Ne5 14. b3 Bxd5 15. exd5 Qc7 16. Nb5 Qd7 17. Nd4 Rfe8 18. h5 Rc5 19. hxg6 hxg6 20. Bh6 Bf6 21. Kb1 Rxd5 22. Bg5 Nxf3 23. gxf3 Rxg5 24. c4 e5 25. Nb5 Qf5+ 26. Qd3 e4 27. fxe4 Qe5 28. Nd4 Rg3 0-1

[Event "National Capital op"]
[Site "Ottawa CAN"]
[Date "2012.10.19"]
[Round "1"]
[White "Plotkin, Victor"]
[Black "Zhou, Qiyu"]
[Result "1/2-1/2"]
[WhiteElo "2263"]
[BlackElo "2009"]
[PlyCount "145"]
[GameId "2160767909411730"]
[EventDate "2012.10.19"]
[EventType "swiss"]
[EventRounds "5"]
[EventCountry "CAN"]
[SourceTitle "EXT 2022"]
[Source "ChessBase"]
[SourceDate "2021.10.06"]
[SourceVersion "1"]
[SourceVersionDate "2021.10.06"]
[SourceQuality "1"]

1. e4 e5 2. Nf3 Nc6 3. Bc4 Bc5 4. O-O Nf6 5. d3 O-O 6. Nc3 h6 7. Ne2 d6 8. c3 a6 9. Bb3 Ba7 10. Ng3 Ne7 11. Be3 Ng6 12. h3 d5 13. Bxa7 Rxa7 14. exd5 Nxd5 15. d4 exd4 16. Qxd4 Nb6 17. Qe4 Qf6 18. Rad1 Bd7 19. Nh5 Qf5 20. Qxf5 Bxf5 21. Rfe1 Raa8 22. Ng3 Bd7 23. Ne4 Rad8 24. Nc5 Bc8 25. Rd4 Rfe8 26. Rxe8+ Rxe8 27. h4 Nf8 28. Kf1 Nfd7 29. Nxd7 Bxd7 30. Rd2 Bb5+ 31. Kg1 Kf8 32. Nd4 Bd7 33. Nc2 Be6 34. Ne3 Ke7 35. f3 Kf6 36. Kf2 Bxb3 37. axb3 g6 38. g4 Ke7 39. f4 Rd8 40. Rxd8 Kxd8 41. Kf3 Ke7 42. Ke4 Ke6 43. f5+ Kf6 44. fxg6 fxg6 45. Kf4 Ke6 46. h5 g5+ 47. Kg3 Nd5 48. Nf5 Nf4 49. Nxh6 Nd3 50. Nf5 Kf6 51. Ne3 c6 52. Nc4 b5 53. Nd6 Nxb2 54. Ne4+ Kg7 55. Nxg5 a5 56. Ne6+ Kf6 57. Nd4 a4 58. bxa4 bxa4 59. Nxc6 a3 60. Nb4 Nd3 61. Na2 Kg5 62. c4 Ne5 63. c5 Nxg4 64. c6 Ne3 65. Kf3 Nd5 66. Ke4 Nc7 67. Ke5 Kxh5 68. Kd6 Nb5+ 69. Kc5 Na7 70. c7 Kg6 71. Kb4 Kf7 72. Nc3 Ke7 73. Kxa3 1/2-1/2

[Event "National Capital op"]
[Site "Ottawa CAN"]
[Date "2012.10.20"]
[Round "2"]
[White "Hamilton, Robert"]
[Black "Forget, David"]
[Result "0-1"]
[WhiteElo "2301"]
[BlackElo "2301"]
[PlyCount "42"]
[GameId "2160767909411731"]
[EventDate "2012.10.19"]
[EventType "swiss"]
[EventRounds "5"]
[EventCountry "CAN"]
[SourceTitle "EXT 2022"]
[Source "ChessBase"]
[SourceDate "2021.10.06"]
[SourceVersion "1"]
[SourceVersionDate "2021.10.06"]
[SourceQuality "1"]

1. d4 d5 2. c4 dxc4 3. e3 Nf6 4. Bxc4 e6 5. Nf3 a6 6. Bb3 c5 7. O-O b5 8. a4 b4 9. Qe2 Bb7 10. Rd1 Nbd7 11. e4 cxd4 12. Nxd4 Bc5 13. e5 Nd5 14. Qg4 Nxe5 15. Qxg7 Qf6 16. Nxe6 fxe6 17. Qxb7 O-O 18. h3 Ra7 19. Bxd5 Rxb7 20. Bxb7 Qxf2+ 21. Kh1 Qe2 0-1

[Event "National Capital op"]
[Site "Ottawa CAN"]
[Date "2012.10.20"]
[Round "2"]
[White "Pacey, Kevin"]
[Black "Zhao, Yue Tong (Davy)"]
[Result "0-1"]
[WhiteElo "2234"]
[BlackElo "1846"]
[PlyCount "66"]
[GameId "2160767909411732"]
[EventDate "2012.10.19"]
[EventType "swiss"]
[EventRounds "5"]
[EventCountry "CAN"]

1. d4 Nf6 2. Nc3 d5 3. Bg5 Ne4 4. Nxe4 dxe4 5. e3 g6 6. Ne2 Bg7 7. Nc3 c5 8. dxc5 Qa5 9. Bb5+ Bd7 10. Bxd7+ Nxd7 11. O-O Nxc5 12. Bxe7 Kxe7 13. Nd5+ Kf8 14. b4 Qa3 15. Nc7 Rc8 16. Qd6+ Kg8 17. bxc5 Bxa1 18. Rxa1 Qa5 19. Nd5 Qxc5 20. Ne7+ Kg7 21. Nxc8 Rxc8 22. Qxc5 Rxc5 23. Rc1 Ra5 24. Ra1 Kf6 25. Kf1 Ke5 26. Ke2 Kd5 27. Kd2 Kc4 28. Rb1 b5 29. Rb3 b4 30. f3 f5 31. fxe4 fxe4 32. Kc1 Rxa2 33. Kb1 Ra3 0-1

[Event "National Capital op"]
[Site "Ottawa CAN"]
[Date "2012.10.20"]
[Round "2"]
[White "Qin, Zi Yi (Joey)"]
[Black "Gelblum, Robert"]
[Result "1/2-1/2"]
[WhiteElo "2453"]
[BlackElo "2233"]
[PlyCount "60"]
[GameId "2160767909411733"]
[EventDate "2012.10.19"]
[EventType "swiss"]
[EventRounds "5"]
[EventCountry "CAN"]

1. e4 e5 2. Nf3 Nc6 3. Bc4 Nf6 4. d3 Be7 5. O-O O-O 6. Nbd2 d6 7. a4 h6 8. a5 a6 9. c3 Nh5 10. d4 Nf4 11. Qb3 Bd7 12. Rd1 Rb8 13. dxe5 dxe5 14. Nf1 Bc5 15. Ne3 Bxe3 16. Bxe3 Qe7 17. Qa3 Qxa3 18. Rxa3 Bg4 19. b4 Rbd8 20. Raa1 g5 21. Kf1 Kg7 22. Rxd8 Rxd8 23. b5 axb5 24. Bxb5 Bxf3 25. gxf3 Ne7 26. Bc4 Neg6 27. Rb1 Kf6 28. Ke1 Ng2+ 29. Ke2 N2f4+ 30. Ke1 Ng2+ 1/2-1/2

[Event "National Capital op"]
[Site "Ottawa CAN"]
[Date "2012.10.20"]
[Round "2"]
[White "Sadeghi, Saeid"]
[Black "Plotkin, Victor"]
[Result "0-1"]
[WhiteElo "2002"]
[BlackElo "2335"]
[PlyCount "104"]
[GameId "2160767909411734"]
[EventDate "2012.10.19"]
[EventType "swiss"]
[EventRounds "5"]
[EventCountry "CAN"]
[SourceTitle "EXT 2022"]
[Source "ChessBase"]
[SourceDate "2021.10.06"]
[SourceVersion "1"]
[SourceVersionDate "2021.10.06"]
[SourceQuality "1"]

1. d4 d5 2. c4 dxc4 3. e3 Nf6 4. Nf3 e6 5. Bxc4 a6 6. O-O c5 7. dxc5 Qxd1 8. Rxd1 Bxc5 9. Nc3 Nc6 10. a3 b5 11. Be2 Bb7 12. b4 Be7 13. Bb2 O-O 14. Rac1 Rfd8 15. Rxd8+ Rxd8 16. Rd1 Rxd1+ 17. Bxd1 Na7 18. Ne5 Nc8 19. Bf3 Bxf3 20. Nxf3 Nb6 21. Nd2 Ne8 22. Nce4 Nd6 23. Nxd6 Bxd6 24. Kf1 f5 25. Nb3 Nc4 26. Bc1 Kf7 27. Ke2 e5 28. Nd2 Nxd2 29. Bxd2 Ke6 30. h3 e4 31. Bc3 g6 32. Kd2 Kd5 33. Kc2 Kc4 34. Bd2 Be7 35. Bc3 Bh4 36. g3 Be7 37. h4 h5 38. Be5 g5 39. hxg5 Bxg5 40. Bc3 h4 41. gxh4 Bxh4 42. Be1 f4 43. Kd2 f3 44. Kc2 Bf6 45. Bd2 Bb2 46. Kxb2 Kd3 47. Kc1 Ke2 48. Kc2 Kxf2 49. Kd1 Kg2 50. Be1 f2 51. Bxf2 Kxf2 52. Kd2 Kf3 0-1

[Event "National Capital op"]
[Site "Ottawa CAN"]
[Date "2012.10.20"]
[Round "3"]
[White "Doubleday, William"]
[Black "Sadeghi, Saeid"]
[Result "0-1"]
[WhiteElo "2047"]
[BlackElo "2002"]
[PlyCount "70"]
[GameId "2160767909411735"]
[EventDate "2012.10.19"]
[EventType "swiss"]
[EventRounds "5"]
[EventCountry "CAN"]
[SourceTitle "EXT 2022"]
[Source "ChessBase"]
[SourceDate "2021.10.06"]
[SourceVersion "1"]
[SourceVersionDate "2021.10.06"]
[SourceQuality "1"]

1. d4 d5 2. c4 c6 3. e3 Nf6 4. Nc3 a6 5. Qc2 g6 6. Nf3 Bf5 7. Bd3 Bxd3 8. Qxd3 Bg7 9. c5 Nfd7 10. e4 dxe4 11. Nxe4 Nf6 12. Nxf6+ Bxf6 13. Bh6 Qa5+ 14. Qc3 Qc7 15. g3 Nd7 16. O-O Rg8 17. Bf4 Qc8 18. h4 Kf8 19. Rfe1 Kg7 20. Be5 Re8 21. Kg2 Nf8 22. Rad1 Rd8 23. Bxf6+ exf6 24. Re7 Rd7 25. Rde1 Qc7 26. Re8 Rad8 27. Rxd8 Qxd8 28. Rd1 Rd5 29. Qb4 Qd7 30. a3 Ne6 31. Rd2 Nf4+ 32. gxf4 Qg4+ 33. Kf1 Qxf3 34. Qxb7 Rh5 35. Re2 Qh1# 0-1

[Event "National Capital op"]
[Site "Ottawa CAN"]
[Date "2012.10.20"]
[Round "3"]
[White "Gelblum, Robert"]
[Black "Pacey, Kevin"]
[Result "1/2-1/2"]
[WhiteElo "2233"]
[BlackElo "2234"]
[PlyCount "84"]
[GameId "2160767909411736"]
[EventDate "2012.10.19"]
[EventType "swiss"]
[EventRounds "5"]
[EventCountry "CAN"]
[SourceTitle "EXT 2022"]
[Source "ChessBase"]
[SourceDate "2021.10.06"]
[SourceVersion "1"]
[SourceVersionDate "2021.10.06"]
[SourceQuality "1"]

1. Nf3 b6 2. e4 Bb7 3. Nc3 g6 4. d4 Bg7 5. Bg5 d6 6. Qd2 h6 7. Bh4 g5 8. Bg3 Nf6 9. Bd3 Nh5 10. O-O-O e6 11. h4 Nxg3 12. fxg3 g4 13. Ng1 Nd7 14. Nge2 h5 15. Kb1 Qe7 16. Rhf1 O-O-O 17. a4 a5 18. Nb5 Kb8 19. c3 f5 20. exf5 Bxg2 21. Rf2 Bf3 22. Re1 Bh6 23. Nf4 e5 24. Qc2 Bxf4 25. gxf4 e4 26. Rxe4 Bxe4 27. Bxe4 Nf6 28. Bc6 Qe1+ 29. Ka2 Rhe8 30. Na3 d5 31. Qd3 Rd6 32. Bxe8 Qxf2 33. Bf7 Kb7 34. Nb5 Rc6 35. c4 dxc4 36. Bxc4 Qxf4 37. Be6 Rc1 38. Nc3 Qf1 39. Qe3 Re1 40. Qh6 Rxe6 41. fxe6 Qc4+ 42. b3 Qxc3 1/2-1/2

[Event "National Capital op"]
[Site "Ottawa CAN"]
[Date "2012.10.20"]
[Round "3"]
[White "Plotkin, Victor"]
[Black "Sun, Mike"]
[Result "1-0"]
[WhiteElo "2335"]
[BlackElo "1928"]
[PlyCount "131"]
[GameId "2160767909411737"]
[EventDate "2012.10.19"]
[EventType "swiss"]
[EventRounds "5"]
[EventCountry "CAN"]
[SourceTitle "EXT 2022"]
[Source "ChessBase"]
[SourceDate "2021.10.06"]
[SourceVersion "1"]
[SourceVersionDate "2021.10.06"]
[SourceQuality "1"]

1. e4 c5 2. c3 d5 3. exd5 Qxd5 4. d4 Nf6 5. Nf3 Bg4 6. Be2 e6 7. h3 Bh5 8. Be3 cxd4 9. cxd4 Be7 10. Nc3 Qd6 11. Qb3 Qb4 12. Bb5+ Nbd7 13. g4 Bg6 14. Qxb4 Bxb4 15. a3 Bd6 16. Ne5 a6 17. Nxg6 hxg6 18. Be2 Nb6 19. Bf3 Nfd5 20. Ne4 Be7 21. Rc1 Rc8 22. Rxc8+ Nxc8 23. Ke2 Kd7 24. Nc5+ Bxc5 25. dxc5 Nce7 26. b4 e5 27. Bg2 Ke6 28. Rc1 f5 29. gxf5+ gxf5 30. Rg1 e4 31. Bf1 Rg8 32. h4 g6 33. Kd2 f4 34. Bd4 Nf5 35. Bh3 Nde7 36. Bc3 Rd8+ 37. Kc2 Rd3 38. Bg4 Kd5 39. h5 gxh5 40. Bxh5 Rh3 41. Bf7+ Kc6 42. Be8+ Kd5 43. Bf7+ Kc6 44. Be8+ Kd5 45. Rd1+ Ke6 46. Bd7+ Kf7 47. Bxf5 Nxf5 48. Rd7+ Ke6 49. Rxb7 Rf3 50. Rb6+ Kd5 51. Rxa6 Rxf2+ 52. Kb3 f3 53. c6 Kd6 54. b5 Rg2 55. Bb4+ Kc7 56. Ra7+ Kb8 57. c7+ Kc8 58. b6 Ne7 59. Bxe7 f2 60. Ra8+ Kd7 61. c8=Q+ Kxe7 62. Qf8+ Ke6 63. Re8+ Kd5 64. Qf5+ Kd6 65. Re6+ Kd7 66. Qf7+ 1-0